Normal view
MARC view
- تدقيق الحسابات-السجلات المالية-المحاسبة
Entry Topical Term
001 - CONTROL NUMBER
- control field: 61591
003 - CONTROL NUMBER IDENTIFIER
- control field: JO-AjAnu
005 - DATE AND TIME OF LATEST TRANSACTION
- control field: 20230606084049.0
008 - FIXED-LENGTH DATA ELEMENTS
- fixed length control field: 230606|| aca||aabn | a|a d
040 ## - CATALOGING SOURCE
- Original cataloging agency: JO-AjAnu
- Transcribing agency: JO-AjAnu
150 ## - HEADING--TOPICAL TERM
- Topical term or geographic name entry element: تدقيق الحسابات-السجلات المالية-المحاسبة
670 ## - SOURCE DATA FOUND
- Source citation: Work cat.: (JO-AjAnu)31415: الججاوي، طلال محمد علي، م مشارك ايمان جواد احمد الخفاجي, author 61590, محاسبة الاستدامة والشفافية وفق مؤشرات S&P-ISX-ESG ومعايير GRI